000 00981ngm a22003610a 4500
001 PT44531
003 AR-LpoUNG
005 20210201235946.0
007 vd cvaizq
008 191001s2008||||ag |||||||||||||||||spa d
040 _aAR-LpoUNG
_bspa
_cAR-LpoUNG
_eaacr
041 _aspa
082 0 _a306.1 97mar
100 1 _aKusturica, Emir
_edir.
245 1 0 _aMaradona por Kusturica
260 _as.l :
_bPentagrama Films,
_c2008.
300 _aDVD (90 min.) : son., col.
505 0 _aGuión: Emir Kusturica. - Música: Manu Chao. - Fotografía: Rodrigo Pulpeiro
520 _aDocumental sobre el futbolista argentino Diego Armando Maradona
650 4 _aARGENTINA
650 4 _aBIOGRAFIAS
650 4 _aCULTURA
650 4 _aCULTURA POPULAR
650 4 _aDEPORTES
650 4 _aIDENTIDAD CULTURAL
651 4 _aArgentina
653 _aCINE
653 _aCINE ESPAÑOL
653 _aDOCUMENTALES
653 _aVIDEOS
905 _a44531
942 _cDVD
999 _c53855
_d53855